000 00599nam a22001937a 4500
003 KOHA_MİRAKIL
005 20241003053910.0
008 241002b2021 tu ||||| |||| 00| 0 tur d
020 _a9786254055355
040 _aTR-AnABB
_btur
_cTR-AnABB
041 _atur
082 _a891.733
_bCEH 2021
100 1 _aÇehov, Anton Pavloviç, 1860-1904
_9547
245 1 0 _aHayatım :
_bbir taşralının hikayesi /
_cAnton Pavloviç Çehov.
260 _aİstanbul :
_bİş Bankası Kültür Yayınları,
_c2021.
300 _a112 sayfa ;
_c22 cm.
650 _aRus edebiyatı, roman
_916
942 _2ddc
_cBK
999 _c7235
_d7235
900 _bCan Çelik